000
00331nam a22001457a 4500
008
230705b ||||| |||| 00| 0 eng d
020
_a
002-800080762
041
_a
eng
080
_2
FOURTH EDITION
_a
573
082
_a
573
100
_a
16
101
_a
EGZ
245
_a
EXERCISES FOR THE ZOOLOGY
_c
SMITH .G.D
942
_2
udc
_c
BK
999
_c
60095
_d
60095